[Event "Terre degli Elimi op 4th"]
[Site "Erice"]
[Date "2013.07.25"]
[Round "3"]
[White "Parrinello, Marco"]
[Black "Spinella, Andrea"]
[Result "0-1"]
[WhiteElo "1569"]
[BlackElo "1808"]
[PlyCount "38"]
[EventDate "2013.07.24"]
[EventType "swiss"]
[EventRounds "7"]
[EventCountry "ITA"]
[SourceTitle "EXT 2015"]
[Source "ChessBase"]
[SourceDate "2014.11.20"]
[SourceVersion "1"]
[SourceVersionDate "2014.11.20"]
[SourceQuality "1"]

1. e4 c5 2. Nf3 Nc6 3. d4 cxd4 4. Nxd4 e5 5. Nxc6 bxc6 6. Nc3 Bc5 7. Bc4 h6 8. 0-0 Nf6 9. Re1 0-0 10. Be3 Bb4 11. Qd3 d5 12. exd5 cxd5 13. Rad1 Bg4 14. f3 d4 15. fxg4 dxe3 16. Qxe3 Qc8 17. Bxf7+ Rxf7 18. Qxe5 Nxg4 19. Qg3 Bc5+ 0-1

[Event "Terre degli Elimi op 4th"]
[Site "Erice"]
[Date "2013.07.24"]
[Round "1"]
[White "Ljubisavljevic, Zivojin Z"]
[Black "Spinella, Andrea"]
[Result "1/2-1/2"]
[WhiteElo "2215"]
[BlackElo "1808"]
[PlyCount "114"]
[EventDate "2013.07.24"]
[EventType "swiss"]
[EventRounds "7"]
[EventCountry "ITA"]
[SourceTitle "EXT 2015"]
[Source "ChessBase"]
[SourceDate "2014.11.20"]
[SourceVersion "1"]
[SourceVersionDate "2014.11.20"]
[SourceQuality "1"]

1. d4 Nf6 2. Nf3 g6 3. Nc3 c5 4. d5 d6 5. e4 a6 6. a4 Bg7 7. a5 0-0 8. Be2 Nbd7 9. 0-0 Ne8 10. Be3 h6 11. Qd2 Kh7 12. h3 Nc7 13. Nh2 f5 14. exf5 gxf5 15. g4 Nf6 16. f4 Nb5 17. Nxb5 Ne4 18. Qe1 axb5 19. Bd3 e6 20. dxe6 Bxe6 21. Nf3 Bxb2 22. Rb1 Bc3 23. Bd2 Nxd2 24. Qxe6 Nxf1 25. Bxf5+ Rxf5 26. Qxf5+ Kg7 27. Rxf1 Qe7 28. Qd3 b4 29. g5 Re8 30. Nh4 Bd4+ 31. Qxd4+ cxd4 32. Nf5+ Kg6 33. Nxe7+ Rxe7 34. Rb1 hxg5 35. Rxb4 Re1+ 36. Kf2 Ra1 37. Rxd4 gxf4 38. Kf3 Rxa5 39. Rxd6+ Kf5 40. Rb6 Rc5 41. Rb2 b5 42. Ke2 Ke4 43. Rb4+ Kf5 44. Kd3 Rd5+ 45. Rd4 Re5 46. Kd2 Re3 47. Rd3 Re5 48. Rd8 Ke4 49. Rd3 Kf5 50. Rb3 Rd5+ 51. Ke2 Re5+ 52. Kf3 Rc5 53. c3 Rd5 54. Ke2 Re5+ 55. Kf2 Rd5 56. Rb2 Rc5 57. Rb3 Rd5 1/2-1/2